[Event "Championnat de France Open B"]
[Site "CALVI"]
[Date "2005.04.23"]
[Round "7.1"]
[White "Rouffignac, Tanguy"]
[Black "Geronimi, Paul-Antoine"]
[Result "1-0"]
[WhiteElo "1260"]
[BlackElo "1370"]
[PlyCount "61"]
[EventDate "2005.??.??"]
[SourceDate "2005.04.17"]

1. e4 e5 2. Nf3 Nc6 3. Bb5 a6 4. Ba4 Nf6 5. Nc3 Bc5 6. Nxe5 Nxe5 7. d4 Bd6 8.
dxe5 Bxe5 9. O-O O-O 10. Bg5 h6 11. Bh4 c6 12. Re1 Re8 13. Qd2 d6 14. f4 Bxc3
15. Qxc3 Bg4 16. e5 Nd5 17. Qg3 Qc8 18. exd6 Rxe1+ 19. Rxe1 Qd7 20. c4 Nf6 21.
Bxf6 gxf6 22. h3 f5 23. hxg4 fxg4 24. Re7 Qxd6 25. Qxg4+ Kf8 26. Rxb7 Qd4+ 27.
Kh2 h5 28. Qf5 f6 29. Rh7 Rd8 30. Rh8+ Kg7 31. Qh7# 1-0

[Event "Championnat de France Open B"]
[Site "CALVI"]
[Date "2005.04.23"]
[Round "7.2"]
[White "Bernard, Alien"]
[Black "Triboulin, Boyann"]
[Result "1-0"]
[WhiteElo "1360"]
[BlackElo "1420"]
[PlyCount "91"]
[EventDate "2005.??.??"]
[SourceDate "2005.04.17"]

1. e4 e5 2. Nf3 Nc6 3. Nc3 Nf6 4. d3 Bb4 5. Bd2 d6 6. a3 Ba5 7. b4 Bb6 8. Bg5
Bg4 9. Be2 Qd7 10. Bxf6 gxf6 11. Nd5 O-O-O 12. Nxf6 Qe6 13. Nxg4 Qxg4 14. g3
Qg7 15. c3 d5 16. exd5 Rxd5 17. Qc2 Rhd8 18. c4 Nd4 19. Nxd4 Bxd4 20. Bf3 R5d7
21. Rd1 Qf6 22. Qe2 Bc3+ 23. Kf1 e4 24. Bg4 Kb8 25. Bxd7 Rxd7 26. dxe4 Rxd1+
27. Qxd1 Bd4 28. f4 a6 29. e5 Bxe5 30. Kg2 Qc6+ 31. Qd5 Bb2 32. Qxc6 bxc6 33.
a4 Bc3 34. Rb1 Kc8 35. b5 a5 36. bxc6 Kd8 37. Rd1+ Ke7 38. Rd7+ Ke6 39. Rxc7
Kd6 40. Rxf7 Kxc6 41. f5 Kc5 42. Rb7 Kxc4 43. Rb5 h6 44. h3 h5 45. g4 hxg4 46.
hxg4 1-0

[Event "Championnat de France Open B"]
[Site "CALVI"]
[Date "2005.04.23"]
[Round "7.3"]
[White "Zara, Ahmed"]
[Black "Labat, Axel"]
[Result "1-0"]
[WhiteElo "1400"]
[BlackElo "1360"]
[PlyCount "89"]
[EventDate "2005.??.??"]
[SourceDate "2005.04.17"]

1. e4 e5 2. Nf3 Nc6 3. d4 d6 4. Bb5 Bd7 5. d5 Nce7 6. Bxd7+ Qxd7 7. Be3 Nf6 8.
Nc3 Ng6 9. O-O Be7 10. Qe2 a6 11. Rfd1 O-O 12. Qc4 b5 13. Qb4 a5 14. Qxb5 Qxb5
15. Nxb5 Rab8 16. c4 Nxe4 17. Nd2 Nf6 18. Nb3 c6 19. dxc6 d5 20. Na3 Bxa3 21.
bxa3 dxc4 22. Nxa5 c3 23. Rac1 Rb2 24. Rxc3 Rxa2 25. c7 Ne7 26. Nc6 Nc8 27. Rd8
Ra1+ 28. Rc1 Rxa3 29. Bc5 Nd7 30. Rxf8+ Nxf8 31. Bxa3 h6 32. Bxf8 Kxf8 33. Rb1
Ke8 34. Nxe5 f6 35. Rb8 fxe5 36. Rxc8+ Kd7 37. Rg8 Kxc7 38. Rxg7+ Kd6 39. Kf1
Kd5 40. Ke2 e4 41. Rh7 Kd4 42. Rxh6 Kc3 43. Rd6 Kc4 44. Ke3 Kc3 45. Kxe4 1-0

[Event "Championnat de France Open B"]
[Site "CALVI"]
[Date "2005.04.23"]
[Round "7.4"]
[White "Boudia, Samy"]
[Black "Cornaton, Maxence"]
[Result "1/2-1/2"]
[WhiteElo "1130"]
[BlackElo "1380"]
[PlyCount "86"]
[EventDate "2005.??.??"]
[SourceDate "2005.04.17"]

1. c4 d5 2. Nc3 dxc4 3. e4 Be6 4. Nge2 Qd7 5. Nf4 Nc6 6. Nxe6 Qxe6 7. g3 O-O-O
8. Bg2 Qf6 9. O-O Nd4 10. Bh3+ e6 11. Bg2 Bb4 12. a3 Bxc3 13. dxc3 Nb3 14. Qf3
Qxf3 15. Bxf3 Nxa1 16. Be3 Nc2 17. Bxa7 Nf6 18. e5 Nd5 19. Be4 Nxa3 20. bxa3 f5
21. Bxd5 Rxd5 22. Bd4 g5 23. f4 gxf4 24. Rxf4 c5 25. Bf2 Rxe5 26. Rxc4 Rd8 27.
Bxc5 Re2 28. Be7+ Kd7 29. Bxd8 Kxd8 30. Rh4 Re3 31. Rxh7 Rxc3 32. Rxb7 Rxa3 33.
Rb6 e5 34. Rb5 Re3 35. Kf2 f4 36. gxf4 exf4 37. Rf5 Rh3 38. Kg2 Rh4 39. h3 Ke7
40. Rg5 Kf6 41. Rg4 Rxg4+ 42. hxg4 Ke5 43. Kf3 Kf6 1/2-1/2

[Event "Championnat de France Open B"]
[Site "CALVI"]
[Date "2005.04.23"]
[Round "7.5"]
[White "Pivard, Elsa"]
[Black "Lavigne-Quilichini, Pierre-Paul"]
[Result "0-1"]
[WhiteElo "1360"]
[BlackElo "1330"]
[PlyCount "102"]
[EventDate "2005.??.??"]
[SourceDate "2005.04.17"]

1. e4 e5 2. Nf3 Nc6 3. Bc4 Be7 4. d3 Nf6 5. Nc3 d6 6. O-O Na5 7. Be3 Nxc4 8.
dxc4 O-O 9. Qe2 Be6 10. Rfd1 c6 11. Rd2 Qc7 12. Rad1 Rfd8 13. Bg5 h6 14. Bxf6
Bxf6 15. Qe3 Bxc4 16. b3 Be6 17. h3 a6 18. Rd3 Rd7 19. Qe1 Rad8 20. R1d2 d5 21.
Qd1 dxe4 22. Rxd7 Rxd7 23. Rxd7 Qxd7 24. Qxd7 Bxd7 25. Nxe4 Be7 26. Nxe5 Bf5
27. f3 f6 28. Nc4 b5 29. Ncd2 Kf7 30. Kf2 Ke6 31. Ke3 Kd5 32. g4 Bg6 33. Kd3
$11 c5 34. c4+ bxc4+ 35. Nxc4 f5 36. Ned2 fxg4+ 37. Ke2 gxh3 38. Kf2 Bh4+ 39.
Kg1 Bg3 40. Kh1 Bd3 41. Nb6+ Kd4 42. a3 Kc3 43. Ndc4 Be2 44. Nd6 Bxf3+ 45. Kg1
Bxd6 46. Kf2 Bc6 47. Nc8 Bb8 48. Ne7 Ba8 49. Nf5 h2 50. Nxg7 h1=Q 51. Ke3 Qf3#
0-1

[Event "Championnat de France Poussins"]
[Site "CALVI"]
[Date "????.??.??"]
[Round "8.1"]
[White "Rakotoniaina, Erwin"]
[Black "Moussard, Jules"]
[Result "0-1"]
[WhiteElo "1550"]
[BlackElo "2030"]
[PlyCount "58"]
[EventDate "2005.??.??"]
[SourceDate "2005.04.17"]

1. e4 c5 2. Nf3 d6 3. d4 cxd4 4. Nxd4 Nf6 5. Nc3 a6 6. f3 e5 7. Nb3 Be6 8. Be3
Nbd7 9. Qd2 Rc8 10. Be2 Be7 11. h4 O-O 12. g4 h6 13. Bxh6 gxh6 14. Qxh6 Re8 15.
h5 Nh7 16. Qd2 b5 17. Rf1 Nc5 18. f4 b4 19. Nd1 Nxe4 20. Qe3 Bh4+ 21. Nf2 Nxf2
22. Rxf2 Bxf2+ 23. Qxf2 Rxc2 24. Qg3 exf4 25. Qxf4 Bxb3 26. axb3 Rexe2+ 27. Kd1
Qh4 28. Qxb4 Qh1+ 29. Qe1 Qxe1# 0-1

[Event "Championnat de France Poussins"]
[Site "CALVI"]
[Date "????.??.??"]
[Round "8.2"]
[White "Cabanes, Kim"]
[Black "Neri, Jean-Baptiste"]
[Result "1/2-1/2"]
[WhiteElo "1830"]
[BlackElo "1560"]
[PlyCount "109"]
[EventDate "2005.??.??"]
[SourceDate "2005.04.17"]

1. e4 e6 2. d4 d5 3. Nd2 Nf6 4. e5 Nfd7 5. Bd3 c5 6. c3 Nc6 7. Ne2 cxd4 8. cxd4
f6 9. exf6 Nxf6 10. Nf3 Bd6 11. O-O Qc7 12. Nc3 a6 13. a3 O-O 14. Be3 g6 15. h3
Qg7 16. Qd2 Re8 17. b4 Bd7 18. Rfe1 Rac8 19. Rac1 b5 20. Bh6 $11 Qh8 21. Qg5
Ne7 22. Nh4 Kf7 23. g4 Rg8 24. Nf3 Nh5 25. Ne5+ Ke8 26. Kh1 Nf6 27. Ne2 Rxc1
28. Rxc1 Nc8 29. f4 Ke7 30. Ng3 Na7 31. Qh4 Be8 32. f5 Bf7 33. Nxf7 Kxf7 34.
fxe6+ Kxe6 35. Re1+ Kd7 36. Bg5 Ne8 37. Ne2 h6 38. Qxh6 Qxh6 39. Bxh6 g5 40.
Bf5+ Kd8 41. Nc3 Nc7 42. Be6 Rg6 43. Bxg5+ Rxg5 44. h4 Rg6 45. Bf5 Rf6 46. h5
Nc6 47. Ne2 Ne6 48. Nc3 Nexd4 49. Nxd5 Rf8 50. Bg6 Ne5 51. Rd1 Nxg6 52. Rxd4
Ne7 53. Nc3 Kc7 54. Ne4 Be5 55. Rd1 1/2-1/2

[Event "Championnat de France Poussins"]
[Site "CALVI"]
[Date "????.??.??"]
[Round "8.3"]
[White "Giroyan, Gary"]
[Black "Barbot, Pierre"]
[Result "1/2-1/2"]
[WhiteElo "1730"]
[BlackElo "1590"]
[PlyCount "50"]
[EventDate "2005.??.??"]
[SourceDate "2005.04.17"]

1. e4 c5 2. Nf3 Nc6 3. d4 cxd4 4. Nxd4 Nf6 5. Nc3 d6 6. Bg5 Qb6 7. Nb3 e6 8.
Be3 Qc7 9. f3 a6 10. Qd2 b5 11. O-O-O Bb7 12. g4 Rc8 13. g5 Nd7 14. h4 Nce5 15.
Be2 Nc4 16. Bxc4 bxc4 17. Nd4 Rb8 18. h5 Ba8 19. Rdg1 Qb7 20. Nd1 Nc5 21. Qc3
Be7 22. g6 fxg6 23. Nxe6 Bf6 24. Qa3 Nxe6 25. hxg6 h6 1/2-1/2

[Event "Championnat de France Poussins"]
[Site "CALVI"]
[Date "????.??.??"]
[Round "8.4"]
[White "Luciani, Thibault"]
[Black "Gros, Alexandre"]
[Result "0-1"]
[WhiteElo "1540"]
[BlackElo "1680"]
[PlyCount "54"]
[EventDate "2005.??.??"]
[SourceDate "2005.04.17"]

1. e4 c5 2. Nf3 Nc6 3. d4 cxd4 4. Nxd4 g6 5. Be3 Bg7 6. Nc3 Nf6 7. Bc4 d6 8. f3
Qb6 9. Bb3 Nxe4 10. fxe4 Nxd4 11. O-O O-O 12. Qe1 Qc7 13. Rd1 Nxb3 14. cxb3 Bd7
15. Rc1 Qd8 16. Rc2 Bc6 17. Bf4 Re8 18. Qe3 Qb6 19. Qxb6 axb6 20. Re1 Rec8 21.
Ree2 b5 22. Nd5 Bxd5 23. Rxc8+ Rxc8 24. exd5 Bf6 25. a4 bxa4 26. bxa4 Rc4 27.
Bg3 Rxa4 0-1

[Event "Championnat de France Poussins"]
[Site "CALVI"]
[Date "????.??.??"]
[Round "8.5"]
[White "Loiseau, Quentin"]
[Black "Ton-That, Nicolas"]
[Result "0-1"]
[WhiteElo "1660"]
[BlackElo "1450"]
[PlyCount "108"]
[EventDate "2005.??.??"]
[SourceDate "2005.04.17"]

1. e4 c5 2. Nc3 Nc6 3. f4 g6 4. Nf3 Bg7 5. g3 e6 6. Bg2 Nge7 7. O-O O-O 8. d3
d6 9. Ne2 Qb6 10. c3 c4+ 11. d4 d5 12. e5 Bd7 13. h3 Qc7 14. g4 b5 15. Qe1 f6
16. Ng3 fxe5 17. fxe5 b4 18. Be3 a5 19. Ne2 h6 20. Qh4 g5 21. Bxg5 Ng6 22. Qg3
hxg5 23. Nxg5 Qd8 24. Nf3 Nce7 25. h4 Bh6 26. h5 Be3+ 27. Kh1 Nf4 28. Nxf4 Bxf4
29. Qh3 Rf7 30. Nh4 Qf8 31. Rf3 Qh6 32. Raf1 Raf8 33. Ng6 Nxg6 34. hxg6 Qxg6
35. Kg1 Qh7 36. Qxh7+ Kxh7 37. g5 Kg7 38. Re1 Bxg5 39. Rg3 Kh6 40. Rh3+ Kg6 41.
Rg3 Rf5 42. Bh3 Rf3 43. Kg2 Rf2+ 44. Kh1 R8f3 45. Rxf3 Rxf3 46. Kg2 Rf8 47. Re2
Kh6 48. Bg4 Bf4 49. Re1 Kg5 50. Bf3 Rg8 51. Rh1 Kg6 52. Bh5+ Kf5+ 53. Kf3 Rg3+
54. Kf2 bxc3 0-1

[Event "Championnat de France Poussines"]
[Site "CALVI"]
[Date "????.??.??"]
[Round "8.1"]
[White "Eid, Maha"]
[Black "Aflalo, Sophie"]
[Result "1-0"]
[WhiteElo "1640"]
[BlackElo "1790"]
[PlyCount "97"]
[EventDate "2005.??.??"]
[SourceDate "2005.04.17"]

1. d4 Nf6 2. Nc3 g6 3. e4 d6 4. Bg5 Bg7 5. e5 dxe5 6. dxe5 Nfd7 7. Nd5 f6 8.
exf6 Nxf6 9. Nxf6+ exf6 10. Qxd8+ Kxd8 11. O-O-O+ Ke7 12. Bf4 Be6 13. Kb1 Nc6
14. Nf3 Rhd8 15. Bb5 Nb4 16. a3 Nd5 17. Bg3 a6 18. Bc4 Rd7 19. Rhe1 Kf7 20.
Bxd5 Bxd5 21. Bxc7 Rc8 22. Ba5 Bc6 23. Bb4 Rdc7 24. Nd4 Bxg2 25. Ne6 Rc6 26.
Rd7+ Kg8 27. Rxg7+ Kh8 28. Rd7 Re8 29. Rd8 Rcxe6 30. Rxe8+ Rxe8 31. Rxe8+ Kg7
32. Re7+ Kh6 33. Bd2+ g5 34. h4 Bh1 35. hxg5+ fxg5 36. Re5 Kg6 37. Rxg5+ Kf6
38. Rc5 b6 39. Rc3 Kg6 40. Rb3 b5 41. a4 Bd5 42. Rb4 Bc4 43. b3 Be2 44. c4 bxc4
45. bxc4 a5 46. Rb6+ Kf5 47. Ra6 Bxc4 48. Rxa5+ Kg4 49. Rc5 1-0

[Event "Championnat de France Poussines"]
[Site "CALVI"]
[Date "????.??.??"]
[Round "8.2"]
[White "Navez, Flore"]
[Black "Stubbe, Alicia"]
[Result "0-1"]
[WhiteElo "1350"]
[BlackElo "1380"]
[PlyCount "68"]
[EventDate "2005.??.??"]
[SourceDate "2005.04.17"]

1. d4 d5 2. Nf3 Nc6 3. c4 e6 4. e3 Bb4+ 5. Bd2 Nf6 6. Nc3 O-O 7. Bd3 Re8 8. O-O
e5 9. dxe5 Nxe5 10. Nxe5 Rxe5 11. a3 Bxc3 12. Bxc3 Re6 13. Bxf6 Qxf6 14. cxd5
Rd6 15. Qc2 h6 16. Qxc7 Rxd5 17. Qc2 Qg5 18. g3 Rc5 19. Qa4 Bh3 20. Rfd1 Qf6
21. Be2 Rac8 22. Rd2 a6 23. f4 Qe6 24. Kf2 Re8 25. Rd3 Bf5 26. Rb3 Rc2 27. Re1
b5 28. Qb4 Rd8 29. Kf3 Bg4+ 30. Kf2 Rdd2 31. Rc3 Bxe2 32. Rxe2 Rxe2+ 33. Kf1
Qd5 34. e4 Qd1# 0-1

[Event "Championnat de France Poussines"]
[Site "CALVI"]
[Date "????.??.??"]
[Round "8.3"]
[White "Feller, Alice"]
[Black "Rigolot, Lucie"]
[Result "0-1"]
[WhiteElo "1440"]
[BlackElo "1460"]
[PlyCount "60"]
[EventDate "2005.??.??"]
[SourceDate "2005.04.17"]

1. Nf3 d5 2. g3 Nf6 3. Bg2 Nc6 4. d3 Bf5 5. Nbd2 e6 6. b3 Be7 7. Bb2 O-O 8. O-O
Qd6 9. h3 e5 10. Nh4 Be6 11. e4 Qd7 12. g4 dxe4 13. dxe4 Nxg4 14. Nhf3 Nf6 15.
Ng5 h6 16. Nxe6 Qxe6 17. f4 Bc5+ 18. Kh2 exf4 19. Nf3 Rad8 20. Qc1 Be3 21. Qe1
Nxe4 22. a4 Ng3 23. Ba3 Nxf1+ 24. Qxf1 Rfe8 25. Re1 Qg6 26. Bb2 Qg3+ 27. Kh1
Bf2 28. Rc1 Nd4 29. Bxd4 Bxd4 30. Qf2 Qxf2 0-1

[Event "Championnat de France Poussines"]
[Site "CALVI"]
[Date "????.??.??"]
[Round "8.4"]
[White "Benkhelil, Ryane"]
[Black "Massard, Aurelie"]
[Result "0-1"]
[WhiteElo "1590"]
[BlackElo "1030"]
[PlyCount "70"]
[EventDate "2005.??.??"]
[SourceDate "2005.04.17"]

1. e4 e5 2. Nf3 Nc6 3. Nc3 Nf6 4. d4 d6 5. Bb5 Bd7 6. O-O g6 7. Bg5 Bg7 8. Bxc6
Bxc6 9. dxe5 dxe5 10. Qxd8+ Rxd8 11. Nxe5 Rd6 12. Nxc6 bxc6 13. e5 Re6 14. exf6
Bxf6 15. Bxf6 Rxf6 16. Rfe1+ Kf8 17. Rad1 Rd6 18. Ne4 Rxd1 19. Rxd1 Kg7 20. h3
Re8 21. Nc5 Re2 22. Rd7 Rxc2 23. Na4 Rc1+ 24. Kh2 Rc2 25. Kg3 Rc4 26. Nc3 Rb4
27. Rxc7 Rxb2 28. Rxc6 Rc2 29. Kf3 f5 30. Ke3 Kh6 31. Kd3 Rxf2 32. g4 Rf3+ 33.
Ke2 Rxh3 34. gxf5 Rh2+ 35. Kd3 Rh3+ {gain noirs au 55eme} 0-1

[Event "Championnat de France Poussines"]
[Site "CALVI"]
[Date "????.??.??"]
[Round "8.5"]
[White "Mencacci, Floriane"]
[Black "Rei-Rosa, Sophie"]
[Result "1-0"]
[WhiteElo "1370"]
[BlackElo "1460"]
[PlyCount "73"]
[EventDate "2005.??.??"]
[SourceDate "2005.04.17"]

1. e4 e5 2. Nf3 Nc6 3. d4 exd4 4. Bc4 Nf6 5. O-O Bc5 6. Bg5 O-O 7. e5 d5 8.
exf6 Qd6 9. fxg7 Re8 10. Bb3 Bg4 11. c3 Qg6 12. Bxd5 Qxg5 13. Nxg5 Bxd1 14.
Bxf7+ Kxg7 15. Bxe8 Rxe8 16. Rxd1 d3 17. h3 Re2 18. Rxd3 Rxf2 19. Ne6+ Kf6 20.
Nxc5 Rxb2 21. Nd2 Ne5 22. Nd7+ Ke6 23. Nxe5 Rc2 24. Nef3 Rb2 25. Rc1 Rxa2 26.
Nc4 Kf5 27. Nd4+ Kf4 28. Re1 Ra6 29. Re7 Ra1+ 30. Kh2 Ra6 31. Ne2+ Kf5 32. Rxh7
Kg5 33. Ne3 Ra2 34. h4+ Kf6 35. Kg3 Rxe2 36. Rxc7 Rb2 37. Kf3 1-0

[Event "Championnat de France Open B"]
[Site "CALVI"]
[Date "????.??.??"]
[Round "8.1"]
[White "Lavigne-Quilichini, Pierre-Paul"]
[Black "Rouffignac, Tanguy"]
[Result "1-0"]
[WhiteElo "1330"]
[BlackElo "1260"]
[PlyCount "83"]
[EventDate "2005.??.??"]
[SourceDate "2005.04.17"]

1. e4 e5 2. Nf3 Nc6 3. Bc4 Nf6 4. Ng5 d5 5. exd5 Na5 6. Bb5+ c6 7. dxc6 bxc6 8.
Ba4 h6 9. Nf3 e4 10. Nh4 Nd5 11. g3 Bh3 12. Qe2 Nf6 13. d3 Qe7 14. Bd2 Qe5 15.
Bc3 Qd5 16. Nd2 Bg4 17. f3 Bh3 18. dxe4 Qe6 19. Bxa5 Qe5 20. Bxc6+ Nd7 21. Bxa8
Qxa5 22. a3 Qe5 23. Nc4 Qb8 24. Bd5 Nf6 25. Bc6+ Bd7 26. Bxd7+ Nxd7 27. O-O-O
g6 28. Qd3 Nc5 29. Qc3 Rg8 30. Qe5+ Qxe5 31. Nxe5 Bg7 32. Rd5 Na4 33. Rhd1 Bf6
34. Rb5 Kf8 35. Nd7+ Kg7 36. Nxf6 Kxf6 37. e5+ Kg7 38. Rb7 a6 39. Rdd7 Rf8 40.
e6 Nc5 41. Rxf7+ Rxf7 42. Rxf7+ 1-0

[Event "Championnat de France Open B"]
[Site "CALVI"]
[Date "????.??.??"]
[Round "8.2"]
[White "Bernard, Alien"]
[Black "Zara, Ahmed"]
[Result "1-0"]
[WhiteElo "1360"]
[BlackElo "1400"]
[PlyCount "49"]
[EventDate "2005.??.??"]
[SourceDate "2005.04.17"]

1. e4 e5 2. Nf3 Nc6 3. Nc3 Nf6 4. Be2 Bb4 5. O-O d6 6. d3 h6 7. a3 Ba5 8. h3
O-O 9. Bd2 Be6 10. b4 Bb6 11. Be3 Qd7 12. d4 exd4 13. Nxd4 Ne5 14. Nxe6 Qxe6
15. Nd5 Nxe4 16. Bxb6 axb6 17. Nxc7 Nc3 18. Nxe6 Nxd1 19. Nxf8 Kxf8 20. Rfxd1
Rc8 21. Bd3 Rc3 22. f4 Nc6 23. Be4 Ne7 24. Rxd6 Re3 25. Rd8# 1-0

[Event "Championnat de France Open B"]
[Site "CALVI"]
[Date "????.??.??"]
[Round "8.3"]
[White "Cornaton, Maxence"]
[Black "Robinson, Sean"]
[Result "1/2-1/2"]
[WhiteElo "1380"]
[BlackElo "1200"]
[PlyCount "81"]
[EventDate "2005.??.??"]
[SourceDate "2005.04.17"]

1. b4 d5 2. Bb2 Nc6 3. b5 Ne5 4. Bxe5 e6 5. e3 Nf6 6. Qf3 Be7 7. Bd3 O-O 8. e4
dxe4 9. Bxe4 Bb4 10. c3 Bd6 11. Qf4 Bxe5 12. Qxe5 Qd6 13. Qxd6 cxd6 14. Bd3 b6
15. Nf3 e5 16. Ng5 Re8 17. O-O e4 18. Bc2 Re5 19. Nh3 Bxh3 20. gxh3 Rg5+ 21.
Kh1 Rh5 22. d3 exd3 23. Bxd3 Rxh3 24. Rg1 Rxd3 25. Rg2 Ne4 26. c4 Rd1+ 27. Rg1
Rxg1+ 28. Kxg1 Rc8 29. Na3 Nd2 30. Rd1 Nxc4 31. Nxc4 Rxc4 32. Rxd6 g6 33. Rd7
Ra4 34. Rd8+ Kg7 35. Kg2 Rxa2 36. Kg3 Ra5 37. h4 h5 38. Rd5 a6 39. f4 f5 40.
Rd7+ Kh6 41. Kf3 1/2-1/2

[Event "Championnat de France Open B"]
[Site "CALVI"]
[Date "????.??.??"]
[Round "8.4"]
[White "Geronimi, Paul-Antoine"]
[Black "Boudia, Samy"]
[Result "0-1"]
[WhiteElo "1370"]
[BlackElo "1130"]
[PlyCount "27"]
[EventDate "2005.??.??"]
[SourceDate "2005.04.17"]

1. e4 e6 2. Nf3 d5 3. exd5 exd5 4. Nc3 c5 5. Bb5+ Nc6 6. O-O Be7 7. Ne5 Bd7 8.
Re1 Nf6 9. a3 O-O 10. Qf3 d4 11. Bxc6 Bxc6 12. Nxc6 bxc6 13. Ne2 Qa5 {
suite illisible} 14. Nf4 0-1

[Event "Championnat de France Open B"]
[Site "CALVI"]
[Date "????.??.??"]
[Round "8.5"]
[White "Triboulin, Boyann"]
[Black "Filippini, Jean-Baptiste"]
[Result "1-0"]
[WhiteElo "1420"]
[BlackElo "1110"]
[PlyCount "59"]
[EventDate "2005.??.??"]
[SourceDate "2005.04.17"]

1. e4 e5 2. Nf3 Nc6 3. Nc3 Nf6 4. Bb5 d6 5. d4 Bg4 6. d5 a6 7. dxc6 axb5 8.
cxb7 Rb8 9. Nxb5 Rxb7 10. Nc3 Be7 11. a4 O-O 12. O-O Be6 13. a5 d5 14. exd5
Nxd5 15. a6 Rb8 16. a7 Ra8 17. Nxe5 Bf6 18. Nc6 Qd6 19. Nxd5 Bxd5 20. Ra6 Qe6
21. Re1 Qf5 22. Ra5 Qg5 23. Bxg5 Bxg5 24. Qxd5 Rfe8 25. Rxe8+ Rxe8 26. a8=Q h5
27. Qxe8+ Kh7 28. Qxg5 g6 29. Ne7 f6 30. Qg8# 1-0

[Event "Championnat de France Open A"]
[Site "CALVI"]
[Date "2005.??.??"]
[Round "1.1"]
[White "Leroy, Olivier"]
[Black "Leheu, Tanguy"]
[Result "1-0"]
[WhiteElo "1980"]
[BlackElo "1390"]
[PlyCount "61"]
[EventDate "2005.??.??"]
[SourceDate "2005.04.17"]

1. f4 d5 2. Nf3 Nc6 3. g3 Bg4 4. Bg2 e6 5. O-O Bc5+ 6. Kh1 Nf6 7. c3 O-O 8. d4
Bb6 9. b4 h6 10. a4 a6 11. Qe1 a5 12. b5 Ne7 13. Ne5 Ne4 14. Nxg4 c5 15. bxc6
bxc6 16. Nd2 Nxd2 17. Bxd2 c5 18. e3 c4 19. e4 f5 20. exf5 exf5 21. Ne5 Bc7 22.
Rb1 Rb8 23. Rxb8 Qxb8 24. Nd7 Qb3 25. Qxe7 Ra8 26. Bxd5+ Kh8 27. Nf8 Qb8 28.
Bxa8 Qxa8+ 29. Kg1 Qb8 30. Ne6 Bd6 31. Qxg7# 1-0

[Event "Championnat de France Open A"]
[Site "CALVI"]
[Date "2005.??.??"]
[Round "1.2"]
[White "Hourlier, Arnaud"]
[Black "Desnoes, Fabien"]
[Result "0-1"]
[WhiteElo "1380"]
[BlackElo "1972"]
[PlyCount "92"]
[EventDate "2005.??.??"]
[SourceDate "2005.04.17"]

1. e4 e6 2. d4 d5 3. e5 c5 4. c3 Nc6 5. Be3 Qb6 6. Qd2 cxd4 7. cxd4 f6 8. f4
Be7 9. Nf3 Nh6 10. h3 Nf5 11. Bf2 O-O 12. g4 Bb4 13. Nc3 Nfe7 14. Be3 Bd7 15.
Be2 Rad8 16. a3 Bxc3 17. Qxc3 Be8 18. Rd1 Bg6 19. O-O Be4 20. Nh2 fxe5 21. fxe5
Rxf1+ 22. Rxf1 Nxe5 23. dxe5 d4 24. Bxd4 Rxd4 25. Rf2 h6 26. Nf3 Bxf3 27. Bxf3
Rf4 28. Kg2 Nd5 29. Qc8+ Kh7 30. Qc2+ Kg8 31. Bxd5 Rxf2+ 32. Qxf2 Qxf2+ 33.
Kxf2 exd5 34. Ke3 Kf7 35. Kd4 Ke6 36. b3 b6 37. a4 a5 38. h4 g6 39. g5 h5 40.
Kc3 Kxe5 41. b4 Ke4 42. bxa5 bxa5 43. Kb3 Kf4 44. Kc3 Kg4 45. Kd4 Kxh4 46. Kxd5
Kxg5 0-1

[Event "Championnat de France Open A"]
[Site "CALVI"]
[Date "2005.??.??"]
[Round "1.3"]
[White "Camel, Joris"]
[Black "Benkhelil, Idris"]
[Result "1-0"]
[WhiteElo "1960"]
[BlackElo "1370"]
[PlyCount "95"]
[EventDate "2005.??.??"]
[SourceDate "2005.04.17"]

1. e4 e6 2. d4 d5 3. exd5 exd5 4. Bd3 Nf6 5. Ne2 c5 6. c3 Bd6 7. Bf4 Nc6 8.
Bxd6 Qxd6 9. dxc5 Qxc5 10. O-O O-O 11. Nd2 Be6 12. Nb3 Qd6 13. Ned4 a6 14. Qc2
Rac8 15. Rae1 Nb4 16. Qb1 Nxd3 17. Qxd3 Rfe8 18. Nd2 b5 19. Re2 Ng4 20. f4 Re7
21. h3 Nf6 22. f5 Bd7 23. Rfe1 Rce8 24. Re3 Rxe3 25. Rxe3 Rxe3 26. Qxe3 Bc6 27.
g4 Ne4 28. Nxe4 dxe4 29. Kg2 Bb7 30. h4 Bd5 31. a3 Bb7 32. g5 g6 33. f6 Qe5 34.
Qg3 Qxg3+ 35. Kxg3 Kf8 36. Nb3 Bc6 37. Kf4 Ke8 38. Nc5 a5 39. Nxe4 Bxe4 40.
Kxe4 Kd7 41. b3 Kc6 42. Kd4 Kd6 43. c4 bxc4 44. bxc4 a4 45. c5+ Kc6 46. Kc4 Kc7
47. Kb5 Kd7 48. Kxa4 1-0

[Event "Championnat de France Open A"]
[Site "CALVI"]
[Date "2005.??.??"]
[Round "1.4"]
[White "Foray, Emilien"]
[Black "Hab, Alexis"]
[Result "0-1"]
[WhiteElo "1370"]
[BlackElo "1900"]
[PlyCount "74"]
[EventDate "2005.??.??"]
[SourceDate "2005.04.17"]

1. e4 e6 2. d4 d5 3. exd5 exd5 4. Be3 Nf6 5. Nc3 c6 6. Bd3 Bd6 7. Nf3 Bg4 8.
Qe2 O-O 9. h3 Bh5 10. g4 Bg6 11. Bxg6 fxg6 12. O-O-O b5 13. h4 Nxg4 14. h5 Nxe3
15. Qxe3 Bf4 16. Qxf4 Rxf4 17. Ne5 gxh5 18. Rxh5 Rh4 19. Rf5 Qc8 20. Rf3 Nd7
21. Nd3 Nf6 22. Re1 Ne4 23. Rfe3 Qf5 24. f3 Nxc3 25. bxc3 Rf8 26. Rf1 Qh3 27.
Rf2 Qh1+ 28. Kb2 Rh2 29. Rxh2 Qxh2 30. Ne5 Qf2 31. Rd3 Re8 32. Nxc6 Re2 33. Nb4
a5 34. Nxd5 Rxc2+ 35. Kb3 Rb2+ 36. Ka3 Rxa2+ 37. Kb3 Qb2# 0-1

[Event "Championnat de France Open A"]
[Site "CALVI"]
[Date "2005.??.??"]
[Round "1.6"]
[White "Fort, Maxence"]
[Black "D'Elia, Anthony"]
[Result "1/2-1/2"]
[WhiteElo "1360"]
[BlackElo "1864"]
[PlyCount "35"]
[EventDate "2005.??.??"]
[SourceDate "2005.04.17"]

1. d4 Nf6 2. c4 d6 3. Nc3 Bf5 4. Nf3 c6 5. e3 Nbd7 6. Be2 Qc7 7. O-O e5 8. b4
e4 9. Nd2 d5 10. b5 Bb4 11. bxc6 bxc6 12. Qc2 O-O 13. Rb1 Bd6 14. h3 Rab8 15.
Rb3 Qa5 16. c5 Rxb3 $2 17. Nxb3 Qb4 18. cxd6 1/2-1/2

[Event "Championnat de France Open A"]
[Site "CALVI"]
[Date "2005.??.??"]
[Round "1.7"]
[White "Pradere, Anthony"]
[Black "Nerino, Nicolas"]
[Result "1-0"]
[WhiteElo "1860"]
[BlackElo "1360"]
[PlyCount "89"]
[EventDate "2005.??.??"]
[SourceDate "2005.04.17"]

1. e4 d6 2. d4 Nf6 3. Nc3 g6 4. f3 Bg7 5. Be3 c6 6. Qd2 Qc7 7. O-O-O b5 8. Kb1
a5 9. e5 Nfd7 10. exd6 Qxd6 11. Bf4 Qxd4 12. Qxd4 Bxd4 13. Rxd4 e5 14. Re4 f6
15. Bg3 O-O 16. Bf2 Ba6 17. Bd3 b4 18. Na4 Bxd3 19. cxd3 Na6 20. Rc4 Rac8 21.
Nc5 Ndxc5 22. Bxc5 Rfd8 23. Kc2 Nxc5 24. Rxc5 Rd5 25. Rxd5 cxd5+ 26. Kd2 a4 27.
Ne2 b3 28. axb3 axb3 29. Rc1 Ra8 30. Rc3 Rb8 31. Nc1 d4 32. Rxb3 Rc8 33. Rb7 h6
34. Nb3 f5 35. Na5 Rc5 36. Nc4 e4 37. Rd7 e3+ 38. Ke2 f4 39. Rxd4 g5 40. g3 Rf5
41. b4 Kg7 42. Nd6 Rf8 43. b5 Rd8 44. Nf5+ Kg6 45. Rxd8 1-0

[Event "Championnat de France Open A"]
[Site "CALVI"]
[Date "2005.??.??"]
[Round "1.8"]
[White "Catherine, Timothee"]
[Black "Lerat, Florent"]
[Result "0-1"]
[WhiteElo "1350"]
[BlackElo "1854"]
[PlyCount "114"]
[EventDate "2005.??.??"]
[SourceDate "2005.04.17"]

1. d4 Nf6 2. c4 g6 3. Nf3 Bg7 4. Bg5 d6 5. Nc3 O-O 6. e3 Nc6 7. Rc1 h6 8. Bf4
Nh5 9. Bg3 Bg4 10. h3 Bxf3 11. Qxf3 Nxg3 12. Qxg3 e5 13. d5 Ne7 14. Bd3 f5 15.
f3 c6 16. e4 f4 17. Qf2 b6 18. b4 a5 19. b5 cxb5 20. Nxb5 Rc8 21. O-O Rc5 22.
Qh4 Kh7 23. Rc2 h5 24. Rb1 Bf6 25. Qf2 Nc8 26. Nc3 Bh4 27. Qf1 Rc7 28. Na4 Rg7
29. Rcb2 g5 30. Be2 Qd7 31. Nxb6 Nxb6 32. Rxb6 Qa7 33. Kh1 Rf6 34. Qg1 g4 35.
fxg4 hxg4 36. Bxg4 a4 37. R6b4 Bf2 38. Qd1 Qd4 39. Qxd4 Bxd4 40. Rxa4 Rxg4 41.
Rb7+ Rg7 42. Rxg7+ Kxg7 43. Rb4 Rf7 44. Ra4 f3 45. gxf3 Rxf3 46. Ra6 Bc5 47.
Kg2 Rf4 48. a4 Rxe4 49. Ra8 Rxc4 50. a5 Ra4 51. a6 e4 52. Kf1 Ra2 53. Ke1 e3
54. Kf1 e2+ 55. Kg2 e1=Q+ 56. Kf3 Rf2+ 57. Kg4 Qe4+ 0-1